[Event "HUN-chT2 Breyer 0203"]
[Site "Hungary"]
[Date "2003.04.13"]
[Round "11"]
[White "Bercza, Istvan"]
[Black "Toth, Gyula"]
[Result "1/2-1/2"]
[WhiteElo "2127"]
[BlackElo "2145"]
[PlyCount "94"]
[EventDate "2002.09.22"]
[EventType "team"]
[EventRounds "11"]
[EventCountry "HUN"]
[SourceTitle "EXT 2009"]
[Source "ChessBase"]
[SourceDate "2008.11.26"]
[SourceVersion "1"]
[SourceVersionDate "2008.11.26"]
[SourceQuality "1"]

1. e4 c5 2. d4 cxd4 3. Nf3 Nc6 4. c3 d3 5. Bxd3 Qc7 6. c4 e6 7. Nc3 a6 8. Be3 Nf6 9. h3 Bb4 10. 0-0 0-0 11. Rc1 d6 12. Qe2 Ne5 13. Nxe5 dxe5 14. Rfd1 Bd7 15. Qf3 Rfd8 16. Ne2 Bc6 17. Ng3 Be7 18. Bd2 Bc5 19. b4 Be7 20. Bc3 b6 21. Bc2 Bb7 22. Bb3 a5 23. a3 axb4 24. axb4 Nd7 25. Qe2 g6 26. Qb2 Bf6 27. Rd3 Bg7 28. Rcd1 Nf8 29. Rxd8 Rxd8 30. Rxd8 Qxd8 31. Bxe5 Bxe5 32. Qxe5 Qd3 33. Ba4 Qb1+ 34. Kh2 Qxb4 35. Bb5 Qe7 36. Qb8 Kg7 37. Qa7 h5 38. Qxb6 h4 39. Nf1 e5 40. Qe3 Ne6 41. Nd2 Qc5 42. Qxc5 Nxc5 43. f3 f5 44. exf5 gxf5 45. Kg1 Kf6 46. Kf2 Nd3+ 47. Ke3 Nf4 1/2-1/2